000 00649nam a2200277Ia 4500
005 20260324131014.0
008 008 260324s9999 xx 000 0 eng d
020 _a9780203645956
037 _aEBOOK
040 _aCRL
040 _beng
040 _cCRL
041 _2eng
041 _aeng
084 _qCRL
100 _aGary G. Hamilton
_91183860
245 0 _aCommerce and Capitalism in Chinese Societies
260 _bTaylor and Francis
260 _c2006
365 _a
365 _b255
856 _uhttp://www.taylorfrancis.com/books/9780203645956
942 _cEBOOK
999 _c1780640
_d1780640